Изолирующие композиции для защиты резиновых смесей от слипания; Химия и химическая технология в XXI веке; Т. 2

Opis bibliograficzny
Parent link:Химия и химическая технология в XXI веке: материалы XXIII Международной научно-практической конференции студентов и молодых ученых имени выдающихся химиков Л. П. Кулёва и Н. М. Кижнера, Томск, 16-19 мая 2022 г./ Национальный исследовательский Томский политехнический университет (ТПУ); Инженерная школа природных ресурсов; Инженерная школа новых производственных технологий; Исследовательская школа химических и биомедицинских технологий..— , 2022
Т. 2.— 2022.— [С. 264-265]
1. autor: Каштанова П. Д.
Korporacja: Национальный исследовательский Томский политехнический университет Инженерная школа природных ресурсов Отделение химической инженерии
Kolejni autorzy: Базилева А. А. (научный руководитель), Гейнц В. В., Волгина Т. Н. Татьяна Николаевна
Streszczenie:Заглавие с титульного экрана
Język:rosyjski
Wydane: 2022
Seria:Химическая технология полимерных материалов
Hasła przedmiotowe:
Dostęp online:http://earchive.tpu.ru/handle/11683/72519
Format: Elektroniczne Rozdział
KOHA link:https://koha.lib.tpu.ru/cgi-bin/koha/opac-detail.pl?biblionumber=634570

MARC

LEADER 00000naa2a2200000 4500
001 634570
005 20231101133822.0
035 |a (RuTPU)RU\TPU\conf\36388 
035 |a RU\TPU\conf\36385 
090 |a 634570 
100 |a 20220628d2022 k y0rusy50 ca 
101 0 |a rus 
102 |a RU 
105 |a y z 101zy 
135 |a drgn ---uucaa 
181 0 |a i  
182 0 |a b 
200 1 |a Изолирующие композиции для защиты резиновых смесей от слипания  |f П. Д. Каштанова, А. А. Базилева, В. В. Гейнц  |g науч. рук. Т. Н. Волгина 
203 |a Текст  |c электронный 
225 1 |a Химическая технология полимерных материалов 
230 |a 1 компьютерный файл (pdf; 1 063 Kb) 
300 |a Заглавие с титульного экрана 
461 1 |0 (RuTPU)RU\TPU\conf\36040  |t Химия и химическая технология в XXI веке  |o материалы XXIII Международной научно-практической конференции студентов и молодых ученых имени выдающихся химиков Л. П. Кулёва и Н. М. Кижнера, Томск, 16-19 мая 2022 г.  |o в 2 т.  |f Национальный исследовательский Томский политехнический университет (ТПУ); Инженерная школа природных ресурсов; Инженерная школа новых производственных технологий; Исследовательская школа химических и биомедицинских технологий.  |d 2022 
463 1 |0 (RuTPU)RU\TPU\conf\36042  |t Т. 2  |v [С. 264-265]  |d 2022 
610 1 |a труды учёных ТПУ 
610 1 |a электронный ресурс 
610 1 |a композиции 
610 1 |a защита 
610 1 |a резиновые смеси 
610 1 |a водные растворы 
610 1 |a слипаемость 
610 1 |a хранение 
610 1 |a эмульсии 
700 1 |a Каштанова  |b П. Д. 
701 1 |a Базилева  |b А. А. 
701 1 |a Гейнц  |b В. В. 
702 1 |a Волгина  |b Т. Н.  |c химик  |c доцент Томского политехнического университета, кандидат химических наук  |f 1975-  |g Татьяна Николаевна  |2 stltpush  |4 727 
712 0 2 |a Национальный исследовательский Томский политехнический университет  |b Инженерная школа природных ресурсов  |b Отделение химической инженерии  |h 8085  |2 stltpush  |3 (RuTPU)RU\TPU\col\23513 
801 2 |a RU  |b 63413507  |c 20220704  |g RCR 
856 4 |u http://earchive.tpu.ru/handle/11683/72519 
942 |c BK